000 00766nam a2200277Ia 4500
005 20250425161907.0
008 250425s9999 xx 000 0 und d
020 _a9686635300
041 _aspa
043 _amx
082 _a658.4038
100 _aGOLDRATT, ELIYAHU M.
245 0 _aEL SINDROME DEL PAJAR: COMO EXTRAER INFORMACION DEL OCEANO DE DATOS
250 _a3A ED.
260 _aMéxico
_bEDICIONES CASTILLO S.A. DE C.V.
_c1997
260 _aMONTERREY
300 _a283
500 _aTítulo Traducido: THE HAYSTACK SYNDROME
650 _aPROCESOS ESTUARINOS
650 _aPROGRAMACION
650 _aSISTEMA DE INFORMACION
650 _aTOMA DE DECISIONES
700 _aNICHOLAS A. GIBLER
_etraductor
942 _c01
010 _a34047
999 _c218284
_d218284